Coastal ecology and resource management

Spremljeno u:
Bibliografski detalji
Glavni autor: Nguyen, Tac An
Format: Knjiga
Jezik:Undetermined
Izdano: Vietnam 1994
Teme:
Oznake: Dodaj oznaku
Bez oznaka, Budi prvi tko označuje ovaj zapis!
Thư viện lưu trữ: Trung tâm Học liệu Trường Đại học Cần Thơ
LEADER 00422nam a2200157Ia 4500
001 CTU_150096
008 210402s9999 xx 000 0 und d
082 |a 577.6 
082 |b A105 
100 |a Nguyen, Tac An 
245 0 |a Coastal ecology and resource management 
245 0 |c Nguyen Tac An 
260 |a Vietnam 
260 |c 1994 
650 |a Aquatic ecology 
980 |a Trung tâm Học liệu Trường Đại học Cần Thơ